00272 2200133 4500001002100000005001500021035002000036245002300056300001200079260001500091082000800106084001200114990001200126INLIS00000000000303820250918020121 a0010-0925000385 aKatalog Produk HNI a122 hlm a- :b-,c- a600 a600 KAT a0755605